| 000 | 00605nam a22002297a 4500 | ||
|---|---|---|---|
| 005 | 20170124110151.0 | ||
| 010 | _a744617 | ||
| 020 | _c00.00 | ||
| 035 | _a744617 | ||
| 037 | _bCen Lib/Ret | ||
| 040 |
_aDPL _bEN |
||
| 082 |
_aN _bHAN |
||
| 100 |
_aHannibal, Edward _933919 |
||
| 245 |
_aChocolate days, popsicle weeks / _cby Edward Hannibal |
||
| 260 |
_aBoston _bHoughton Mifflin Company _c1970 |
||
| 270 |
_aBoston _bBoston |
||
| 300 |
_a376p. _c21cm(Hb) |
||
| 650 |
_aNineteen sixties _931009 |
||
| 650 |
_aMan-woman relationships _923183 |
||
| 700 | _933767 | ||
| 942 |
_2ddc _cEN _hN _mHAN |
||
| 999 |
_c132181 _d132181 |
||